Etica y vocación de periodismo (Record no. 92761)

MARC details
000 -LEADER
campo de control de longitud fija 00744nam a2200205 i 4500
001 - NÚMERO DE CONTROL
campo de control 92761
003 - IDENTIFICADOR DE NÚMERO DE CONTROL
campo de control ES-MaACL
005 - FECHA Y HORA DE LA ÚLTIMA TRANSACCIÓN
campo de control 20250806034150.0
007 - CAMPO FIJO DE DESCRIPCIÓN FÍSICA--INFORMACIÓN GENERAL
campo de control de longitud fija t|
008 - DATOS DE LONGITUD FIJA--INFORMACIÓN GENERAL
campo de control de longitud fija 050429s1950 sp ||||1| spa d
080 ## - NÚMERO DE LA CLASIFICACIÓN DECIMAL UNIVERSAL
Número de la Clasificación Decimal Universal 070.11
100 1# - ENTRADA PRINCIPAL--NOMBRE DE PERSONA
Nombre de persona Luca de Tena, Torcuato,
Fechas asociadas al nombre 1923-1999
9 (RLIN) 74516
245 10 - MENCIÓN DEL TÍTULO
Título Etica y vocación de periodismo
Resto del título : conferencia pronunciada en el Ateneo de Madrid el 15 de marzo de 1950 /
Mención de responsabilidad, etc. por Torcuato Luca de Tena y Brunet.
260 ## - PUBLICACIÓN, DISTRIBUCIÓN, ETC.
Lugar de publicación, distribución, etc. Madrid :
Nombre del editor, distribuidor, etc. [s.n.,
Fecha de publicación, distribución, etc. 1950 ?] (
Fabricante Impr. Prensa Española)
300 ## - DESCRIPCIÓN FÍSICA
Extensión 31 p. ;
Dimensiones 20 cm.
610 2# - PUNTO DE ACCESO ADICIONAL DE MATERIA--NOMBRE DE ENTIDAD CORPORATIVA
Nombre de entidad corporativa o nombre de jurisdicción como elemento de entrada Ateneo de Madrid-
Subdivisión de forma Conferencias-
Subdivisión cronológica 1940-1982.
9 (RLIN) 1908
650 #7 - PUNTO DE ACCESO ADICIONAL DE MATERIA--TÉRMINO DE MATERIA
Término de materia o nombre geográfico como elemento de entrada Ética periodística
Fuente del encabezamiento o término embne
9 (RLIN) 12588
852 ## - LOCALIZACIÓN
Ubicación ES-MaACL
Número de control de estantería 2185-F-27
Sublocalización o colección R.135616
Holdings
Estatus retirado Estado de pérdida Estado de daño No para préstamo Colección Biblioteca de origen Biblioteca actual Ubicación en estantería Fecha de adquisición Fuente de adquisición Total de préstamos Signatura topográfica completa Código de barras Visto por última vez Precio de reemplazo Tipo de ítem Koha
        Colección de folletos Biblioteca del Ateneo de Madrid Biblioteca del Ateneo de Madrid Depósito folletos 17/01/2008     2185-F-27 1096836 23/02/2023 23/02/2023 Folleto